000 00584nam a22001937a 4500
005 20170113165655.0
010 _aENG-117066
020 _a9788193122044
_c695.00
035 _aEN-100598
037 _bDBAD/PUB
082 _a363.3250954
100 _aTufail Ahmad
245 _aJihad threat to Indiat :
_cby Tufail Ahmad
_bthe case for Islamic reformation by an Indian Muslim /
260 _aJaipur
_bInfolimner
_c2016
270 _aD-44,Jyoti Marg,Bapu Nagar
_bJaipur
_e302015
300 _a346p.
_c24cm(Hb)
650 _a
942 _2ddc
_cEN
_mTUF
_h36.3250954
999 _c105842
_d105842